Cartas a quien pretende enseñar

Salvato in:
Dettagli Bibliografici
Autore principale: Freire, Paulo (autor)
Natura: Libro
Lingua:spagnolo
Pubblicazione: Buenos Aires, Argentina Siglo XXI 2002
Edizione:1a. ed
Serie:Educación
Soggetti:
Tags: Aggiungi Tag
Nessun Tag, puoi essere il primo ad aggiungerne!!

MARC

LEADER 00000nam a2200000 a 4500
001 UCI3096
003 CL-VaPUC
005 20231004165209.0
008 071012e20020000AG |||||||||||||||||spa|d
999 |c 327490  |d 327488 
020 |a 9871105126 
040 |c Pontificia Universidad Católica de Valparaíso 
082 0 4 |a 371.1 FRE 2002  |2 21 
100 |a Freire, Paulo  |e autor  |9 352356 
245 1 0 |a Cartas a quien pretende enseñar 
250 |a 1a. ed 
260 |a Buenos Aires, Argentina   |b Siglo XXI  |c 2002 
300 |a 141 páginas  
490 0 |a Educación 
583 |a last modification  |c 20151020 03:04:44  |k Rodrigo Vera 
650 0 |a Formación Docente  |9 307493 
650 0 |a Orientación Vocacional  |9 258384 
852 |a BIBCUR 
942 |c BK  |2 ddc 
945 |d 20071012 00:00:00  |a rbrito 
952 |0 0  |1 0  |4 0  |6 371_100000000000000_FRE_2002  |7 0  |8 R  |9 367019  |a BIBEDU  |b BIBEDU  |c MCIRC  |d 2019-11-21  |i 3932710  |l 1  |o 371.1 FRE 2002  |p 3932710  |r 2023-01-13  |s 2022-04-18  |w 2019-11-21  |y BK_R  |k EPE 
952 |0 0  |1 0  |4 0  |6 371_100000000000000_FRE_2002  |7 0  |8 R  |9 367020  |a BIBEDU  |b BIBEDU  |c MCIRC  |d 2019-11-21  |i 4201507  |l 1  |o 371.1 FRE 2002  |p 4201507  |r 2024-03-19  |s 2024-03-13  |w 2019-11-21  |y BK_R  |k EBA 
952 |0 0  |1 0  |4 0  |6 371_100000000000000_FRE_2002  |7 0  |8 R  |9 367021  |a BIBEDU  |b BIBEDU  |c MCIRC  |d 2019-11-21  |i 4201515  |l 1  |o 371.1 FRE 2002  |p 4201515  |r 2023-03-16  |s 2023-03-09  |w 2019-11-21  |y BK_R  |k EBA 
952 |0 0  |1 0  |4 0  |6 371_100000000000000_FRE_2002  |7 0  |8 R  |9 410352  |a BIBEDU  |b BIBEDU  |c MCIRC  |d 2019-11-22  |i 4155858  |l 2  |m 1  |o 371.1 FRE 2002  |p 4155858  |r 2023-10-11  |s 2023-08-22  |w 2019-11-22  |y BK_R  |k FIL 
952 |0 0  |1 0  |4 0  |6 371_100000000000000_FRE_2002  |7 0  |8 R  |9 410353  |a BIBEDU  |b BIBEDU  |c MCIRC  |d 2019-11-22  |i 4346874  |l 2  |o 371.1 FRE 2002  |p 4346874  |r 2024-03-18  |s 2024-03-18  |w 2019-11-22  |y BK_R  |k EBA 
952 |0 0  |1 0  |4 0  |6 371_100000000000000_FRE_2002  |7 0  |8 R  |9 410354  |a BIBEDU  |b BIBEDU  |c MCIRC  |d 2019-11-22  |i 4346882  |l 8  |m 1  |o 371.1 FRE 2002  |p 4346882  |r 2024-04-24  |s 2024-04-17  |w 2019-11-22  |y BK_R  |k EBA